Educational guidance of the school child : Suggestions on child study and guidance embodying a scheme of pupils' records (Record no. 1322774)

MARC details
000 -LEADER
fixed length control field 00580nam a2200181Ia 4500
005 - DATE AND TIME OF LATEST TRANSACTION
control field 20250508150255.0
008 - FIXED-LENGTH DATA ELEMENTS--GENERAL INFORMATION
fixed length control field 008 250505s9999 xx 000 0 eng d
037 ## - SOURCE OF ACQUISITION
Stock number Textual
040 ## - CATALOGING SOURCE
Original cataloging agency FEDL
Language of cataloging eng
Transcribing agency FEDL
041 ## - LANGUAGE CODE
Language code of text/sound track or separate title eng
Source of code eng
084 ## - COLON CLASSIFICATION NUMBER
Classification number 371.422, ISA
Assigning agency FEDL
100 ## - MAIN ENTRY--PERSONAL NAME
Personal name Isaacs Susan
245 #0 - TITLE STATEMENT
Title Educational guidance of the school child : Suggestions on child study and guidance embodying a scheme of pupils' records
260 ## - PUBLICATION, DISTRIBUTION, ETC.
Place of publication, distribution, etc. London, UK
Name of publisher, distributor, etc. Evans Brothers Limited
300 ## - PHYSICAL DESCRIPTION
Extent 122p
942 ## - ADDED ENTRY ELEMENTS (KOHA)
Koha item type Textual
Classification part 371.422, ISA
Holdings
Withdrawn status Lost status Damaged status Not for loan Home library Current library Date acquired Total Checkouts Full call number Barcode Date last seen Price effective from Koha item type
        Department of Education Library Department of Education Library 2025-05-08   371.422, ISA EL0001688 2025-05-08 2025-05-08 Textual
Copyright @ Delhi University Library System